Tyre and Vehicle Dynamics / (Record no. 11865)
[ view plain ]
| 000 -LEADER | |
|---|---|
| fixed length control field | 01340cam a22003497a 4500 |
| 001 - CONTROL NUMBER | |
| control field | 14917267 |
| 005 - DATE AND TIME OF LATEST TRANSACTION | |
| control field | 20090429084547.0 |
| 008 - FIXED-LENGTH DATA ELEMENTS--GENERAL INFORMATION | |
| fixed length control field | 070705s2006 enka b 001 0 eng d |
| 010 ## - LIBRARY OF CONGRESS CONTROL NUMBER | |
| LC control number | 2007275333 |
| 020 ## - INTERNATIONAL STANDARD BOOK NUMBER | |
| International Standard Book Number | 0750669187 |
| 020 ## - INTERNATIONAL STANDARD BOOK NUMBER | |
| International Standard Book Number | 9780750669184 |
| 035 ## - SYSTEM CONTROL NUMBER | |
| System control number | (OCoLC)ocm70252538 |
| 040 ## - CATALOGING SOURCE | |
| Original cataloging agency | ESU |
| Transcribing agency | ESU |
| Modifying agency | BAKER |
| -- | IXA |
| -- | YDXCP |
| -- | DLC |
| 042 ## - AUTHENTICATION CODE | |
| Authentication code | lccopycat |
| 050 00 - LIBRARY OF CONGRESS CALL NUMBER | |
| Classification number | TS1912 |
| Item number | .P33 2006 |
| 082 04 - DEWEY DECIMAL CLASSIFICATION NUMBER | |
| Classification number | 629.2482 |
| Edition number | 21 |
| Item number | PAC |
| 100 1# - MAIN ENTRY--PERSONAL NAME | |
| Personal name | Pacejka, H. B. |
| 9 (RLIN) | 6300 |
| 245 10 - TITLE STATEMENT | |
| Title | Tyre and Vehicle Dynamics / |
| Statement of responsibility, etc | Hans B. Pacejka. |
| 250 ## - EDITION STATEMENT | |
| Edition statement | 2nd ed. |
| 260 ## - PUBLICATION, DISTRIBUTION, ETC. (IMPRINT) | |
| Place of publication, distribution, etc | Oxford : |
| Name of publisher, distributor, etc | Butterworth-Heinemann, |
| Date of publication, distribution, etc | c2006. |
| 300 ## - PHYSICAL DESCRIPTION | |
| Extent | xiii, 642 p. : |
| Other physical details | ill. ; |
| Dimensions | 24 cm. |
| 504 ## - BIBLIOGRAPHY, ETC. NOTE | |
| Bibliography, etc | Includes bibliographical references (p. [595]-605) and index. |
| 650 #0 - SUBJECT ADDED ENTRY--TOPICAL TERM | |
| Topical term or geographic name as entry element | Tires |
| General subdivision | Design. |
| 9 (RLIN) | 6301 |
| 650 #0 - SUBJECT ADDED ENTRY--TOPICAL TERM | |
| Topical term or geographic name as entry element | Tires |
| General subdivision | Traction. |
| 9 (RLIN) | 6302 |
| 650 #0 - SUBJECT ADDED ENTRY--TOPICAL TERM | |
| Topical term or geographic name as entry element | Motor vehicles |
| General subdivision | Tires. |
| 9 (RLIN) | 6303 |
| 650 #0 - SUBJECT ADDED ENTRY--TOPICAL TERM | |
| Topical term or geographic name as entry element | Motor vehicles |
| General subdivision | Dynamics. |
| 9 (RLIN) | 6304 |
| 856 41 - ELECTRONIC LOCATION AND ACCESS | |
| Materials specified | Table of contents only |
| Uniform Resource Identifier | <a href="http://www.loc.gov/catdir/toc/fy0714/2007275333.html">http://www.loc.gov/catdir/toc/fy0714/2007275333.html</a> |
| 856 42 - ELECTRONIC LOCATION AND ACCESS | |
| Materials specified | Publisher description |
| Uniform Resource Identifier | <a href="http://www.loc.gov/catdir/enhancements/fy0909/2007275333-d.html">http://www.loc.gov/catdir/enhancements/fy0909/2007275333-d.html</a> |
| 942 ## - ADDED ENTRY ELEMENTS (KOHA) | |
| Source of classification or shelving scheme | Dewey Decimal Classification |
| Item type | Book - Borrowing |
| Withdrawn status | Item status | Source of classification or shelving scheme | Damaged status | Not for loan | Vendor | Home library | Current library | Shelving location | Date acquired | Source of acquisition | Cost, normal purchase price | Total Checkouts | Full call number | Barcode | Date last seen | Koha item type |
|---|---|---|---|---|---|---|---|---|---|---|---|---|---|---|---|---|
| Dewey Decimal Classification | Alef-Baa | Central Library | Central Library | First floor | 17/06/2009 | 150.00 | 629.2482 PAC | 000016874 | 15/07/2025 | Book - Borrowing |